Open Data Biblioteca Nacional de Portugal


República Portuguesa: Ministério da Cultura
Biblioteca Nacional de Portugal

Catálogo da BNP: acesso por Identificadores Unívocos
Registos Bibliográficos associados ao registo de autoridade

Etiqueta de registo: 00697cam 2200217 450
001 1156108
003 http://id.bnportugal.gov.pt/bib/catbnp/1156108
010 ## $a972-637-103-1
021 ## $aPT$b186551/02
100 ## $a20030528d2002 m y0pory0103 ba
101 0# $apor
102 ## $aPT
105 ## $aa z 000yy
106 ## $ar
200 1# $aBerlengas$ereserva natural$fcoord. ICN- Reserva Natural das Berlengas$gtexto e fot. António M. Teixeira
210 #9 $a[Lisboa]$cICN,$d2002
215 ## $a[36] p.$cmuito il.$d21 cm
320 ## $aContém bibliografia
675 ## $a502.17(469.323)(036)$31148676
675 ## $a712.2(469.323)(036)$31148679
702 #1 $aTeixeira,$bAntónio M.$4340$3213042
712 01 $aPortugal.$bInstituto da Conservação da Natureza.$bReserva Natural das Berlengas$4273$31153322
900 ## $aBIBNAC$d20130602
966 ## $lBN$mFGMON$sS.A. 105040 V.$x1
966 ## $lBN$mFGMON$sS.A. 105040 V.$x1

Etiqueta de registo: 00000nkm 2200025 450
001 2273471
003 http://id.bnportugal.gov.pt/bib/catbnp/2273471
100 ## $a20260227f19831992m y0pory01030103ba
101 0# $apor
102 ## $aPT
200 1# $aReserva Natural da Berlenga$bVisual gráfico]$gDesign: Dimensão 6$gTexto: Pedro Castro Henriques
210 #9 $aLisboa$cReserva Natural da Berlenga,$d[entre 1983 e 1992]$e[Sintra] :$gLito Amorim)
215 ## $a1 cartaz$ccolor.$d68x47,8 cm
306 ## $aDatação atribuída em conformidade com as designações institucionais
317 ## $aColeção Madeira Luís
702 #1 $aHenriques,$bPedro Castro$4072$357186
710 01 $aPortugal.$bInstituto da Conservação da Natureza.$bReserva Natural das Berlengas$31153322
711 01 $aPortugal.$bServiço Nacional de Parques, Reservas e Conservação da Natureza$4070$315463
711 01 $aPortugal.$bSecretaria de Estado do Ambiente e Recursos Naturais$4070$315294
711 02 $aPortugal.$bMinistério do Plano e da Administração do Território$4070$31988008
712 02 $aDimensão 6$4410$31091832
801 #0 $aPT$bBN$gRPC
966 ## $lBN$mICONOG$sCT. 22789 A.$x3
971 ## $cCaticonografia5$d20260227
995 ## $aPRR2026

OpendataBNP@bnportugal.pt | Mais informação sobre acesso aos dados BNP